00430nam a22001577a 450000500170000001000150001702000260003203500130005803700130007108200080008410000130009224500490010526000450015427000470019930000260024620160801110704.0 aENG-115592 a9788173819889c125.00 aEN-99124 bDBAD/PUB a483 aDas,P.C. aAmerican and British idioms /cby P.C. Dass aNew DelhibNew Central Book Agencyc2016 a8/1,Chintamoni Das Lane bKolkatae700009 aviii,166p.c24cm(pbk)